| 000 | 00680nam a2200193Ia 4500 | ||
|---|---|---|---|
| 008 | 151121s9999||||xx |||||||||||||| ||und|| | ||
| 082 | _a910/कर्णिक | ||
| 082 | _bHNW-51400 | ||
| 100 | _aकर्णिक मधु मंगेश | ||
| 245 | _aजिवाभावाचा गोवा | ||
| 260 | _b"प्रतिमा प्रकाशन, पुणे।" | ||
| 260 | _c-- | ||
| 300 | _a154 | ||
| 600 | _aकर्णिक मधु मंगेश | ||
| 630 | _aजिवाभावाचा गोवा | ||
| 700 | _aकर्णिक मधु मंगेश | ||
| 730 | _aजिवाभावाचा गोवा | ||
| 942 | _cBOOK | ||
| 999 |
_c1235794 _d1235791 |
||